More Movie Deaths - Statistics

General Stats
  • This quiz has been taken 38 times
  • The average score is 4 of 11
Answer Stats
Picture Answer % Correct
Back to the Future
81%
V For Vendetta
77%
Batman V Superman
55%
Indiana Jones and the Last Crusade
45%
The Hobbit: The Battle of the Five Armies
29%
Star Trek 2: Wrath of Khan
26%
The Shawshank Redemption
26%
The Dark Crystal
23%
Friday the 13th
19%
Harry Potter and the Sorcerer's Stone
19%
Murder on the Orient Express
16%
No matching quizzes found
Score Distribution
Percent of People with Each Score
Percentile by Number Answered
Your Score History
You have not taken this quiz